| LEADER | 02060nam a2200253 4500 | ||
|---|---|---|---|
| 082 | |a 428 |b TH400M | ||
| 100 | |a Thomas,A | ||
| 245 | |a Giao tiếp tiếng Anh cho nhân viên nhà hàng |c Andrew Thomas |b English for restaurant workers | ||
| 260 | |c 2008.- |a H. |b Hồng Đức | ||
| 300 | |a 115 tr. |c 21 cm |e 1 đĩa CD-MP3 | ||
| 520 | |a v...v... | ||
| 653 | |a Tiếng anh | ||
| 942 | |2 ddc |c STK0 | ||
| 999 | |c 5855 |d 5855 | ||
| 952 | |0 0 |1 0 |2 ddc |4 0 |6 428_000000000000000_TH400M |7 0 |8 400 |9 53977 |a qbu |b qbu |c D4 |d 2014-12-30 |g 26000 |o 428 TH400M |p 2323.C1 |r 0000-00-00 |w 2014-12-30 |y STK0 | ||
| 952 | |0 0 |1 0 |2 ddc |4 0 |6 428_000000000000000_TH400M |7 0 |8 400 |9 53978 |a qbu |b qbu |c D4 |d 2014-12-30 |g 26000 |l 1 |o 428 TH400M |p 2323.C2 |r 2018-09-25 |s 2018-09-11 |w 2014-12-30 |y STK0 | ||
| 952 | |0 0 |1 0 |2 ddc |4 0 |6 428_000000000000000_TH400M |7 0 |8 400 |9 53979 |a qbu |b qbu |c D4 |d 2014-12-30 |g 26000 |o 428 TH400M |p 2323.C3 |r 0000-00-00 |w 2014-12-30 |y STK0 | ||
| 952 | |0 0 |1 0 |2 ddc |4 0 |6 428_000000000000000_TH400M |7 0 |8 400 |9 53980 |a qbu |b qbu |c D4 |d 2014-12-30 |g 26000 |l 2 |m 1 |o 428 TH400M |p 2323.C4 |r 2016-10-18 |s 2016-10-05 |w 2014-12-30 |y STK0 | ||
| 952 | |0 0 |1 0 |2 ddc |4 0 |6 428_000000000000000_TH400M |7 0 |8 400 |9 53981 |a qbu |b qbu |c D4 |d 2014-12-30 |g 26000 |l 1 |o 428 TH400M |p 2323.C5 |r 2015-03-31 |s 2015-03-04 |w 2014-12-30 |y STK0 | ||
| 952 | |0 0 |1 0 |2 ddc |4 0 |6 428_000000000000000_TH400M |7 0 |8 400 |9 53982 |a qbu |b qbu |c D4 |d 2014-12-30 |g 26000 |o 428 TH400M |p 2323.C6 |r 0000-00-00 |w 2014-12-30 |y STK0 | ||
| 952 | |0 0 |1 0 |2 ddc |4 0 |6 428_000000000000000_TH400M |7 0 |8 400 |9 53983 |a qbu |b qbu |c D4 |d 2014-12-30 |g 26000 |l 3 |o 428 TH400M |p 2323.C7 |r 2019-02-27 |s 2019-02-14 |w 2014-12-30 |y STK0 | ||
| 952 | |0 0 |1 0 |2 ddc |4 0 |6 428_000000000000000_TH400M |7 0 |8 400 |9 53984 |a qbu |b qbu |c D4 |d 2014-12-30 |g 26000 |l 1 |o 428 TH400M |p 2323.C8 |r 2018-03-27 |s 2018-03-13 |w 2014-12-30 |y STK0 | ||
| 952 | |0 0 |1 0 |2 ddc |4 0 |6 428_000000000000000_TH400M |7 0 |8 400 |9 53985 |a qbu |b qbu |c D4 |d 2014-12-30 |g 26000 |l 1 |o 428 TH400M |p 2323.C9 |r 2016-01-28 |s 2016-01-22 |w 2014-12-30 |y STK0 | ||
| 952 | |0 0 |1 0 |2 ddc |4 0 |6 428_000000000000000_TH400M |7 0 |8 400 |9 97966 |a qbu |b qbu |c D4 |d 2015-11-09 |g 26000 |l 5 |m 1 |o 428 TH400M |p 2323.c10 |r 2018-10-01 |s 2018-09-18 |w 2015-11-09 |y STK0 | ||